000 00955cam a22003133a 4500
001 17731
003 PGUSA
005 20140828083358.0
008 060209s2006||||xxu|||||s|||||000 1 eng d
040 _aPGUSA
_beng
042 _adc
050 4 _aPR
100 1 _aConrad, Joseph,
_d1857-1924
245 1 4 _aThe Nigger Of The "Narcissus" :
_bA Tale Of The Forecastle
_h[electronic resource] /
_cJoseph Conrad
260 _bProject Gutenberg,
_c2006
506 _aPublic domain in the USA.
516 _aElectronic text
653 _aTerminally ill -- Fiction
653 _aSea stories
653 _aOcean travel -- Fiction
653 _aPsychological fiction
653 _aWest Indians -- England -- Fiction
653 _aBlacks -- Fiction
653 _aTuberculosis -- Patients -- Fiction
653 _aLondon (England) -- Fiction
830 0 _aProject Gutenberg
_v17731
856 4 0 _uhttp://www.gutenberg.org/ebooks/17731
942 _cEB
999 _c246986
_d246986